000 00423nam a2200157Ia 4500
008 200103s9999||||xx |||||||||||||| ||und||
020 _a0340589167,
040 _aIMU-MPC
082 _aColumn-46
100 _aHiggins, Raymond A.
245 0 _aEngineering Metallurgy Part 1- Applied Physical Metallurgy
250 _a6th Ed.
260 _bEducational Low-Priced Books Scheme
_c1993
300 _axiv, 550
942 _cBK
999 _c9359
_d9359